[Event "Bundesliga 1415"]
[Site "Germany"]
[Date "2015.01.30"]
[Round "7.8"]
[White "Smerdon, David"]
[Black "Janssen, Ruud"]
[Result "1-0"]
[WhiteElo "2506"]
[BlackElo "2460"]
[PlyCount "75"]
[EventDate "2014.10.18"]
[EventType "team-tourn"]
[EventRounds "15"]
[EventCountry "GER"]
[SourceTitle "CBM 165"]
[Source "ChessBase"]
[SourceDate "2015.03.11"]
[SourceVersion "1"]
[SourceVersionDate "2015.03.11"]
[SourceQuality "1"]
[WhiteTeam "Werder Bremen"]
[BlackTeam "Emsdetten Turm"]
[WhiteTeamCountry "GER"]
[BlackTeamCountry "GER"]

1. e4 e5 2. Nf3 Nc6 3. Bb5 a6 4. Bxc6 dxc6 5. Nc3 f6 6. d4 Bb4 7. 0-0 Bg4 8. dxe5 Qxd1 9. Nxd1 fxe5 10. Bd2 Bd6 11. Ng5 Nf6 12. Ne3 Bd7 13. Bc3 0-0 14. Nc4 Rae8 15. Rfe1 Bg4 16. Ne3 Bc8 17. Nc4 Bg4 18. Nd2 Nh5 19. h3 Bc8 20. Ngf3 b5 21. b4 Nf4 22. Kh2 c5 23. bxc5 Bxc5 24. Bxe5 Bxf2 25. Rf1 Bb6 26. a4 Ne6 27. Bg3 bxa4 28. Rxa4 Nc5 29. Rc4 Bd7 30. Ra1 Bc6 31. Bf2 Re5 32. Nxe5 Rxf2 33. Nxc6 Rxd2 34. Rf1 h6 35. Ne7+ Kh7 36. Rf7 Re2 37. Nf5 Ne6 38. Re7 1-0

[Event "Australian op"]
[Site "Sydney"]
[Date "2015.01.10"]
[Round "10"]
[White "Smerdon, David"]
[Black "Illingworth, Max"]
[Result "1/2-1/2"]
[WhiteElo "2519"]
[BlackElo "2476"]
[PlyCount "123"]
[EventDate "2015.01.02"]
[EventType "swiss"]
[EventRounds "11"]
[EventCountry "AUS"]
[SourceTitle "CBM 164 Extra"]
[Source "ChessBase"]
[SourceDate "2015.03.02"]
[SourceVersion "1"]
[SourceVersionDate "2015.03.02"]
[SourceQuality "1"]

1. e4 e5 2. Nf3 Nc6 3. Bb5 Nf6 4. d3 Bc5 5. Bxc6 dxc6 6. Nbd2 Be6 7. 0-0 Nd7 8. Nb3 Bb6 9. Ng5 Bxb3 10. axb3 f6 11. Nf3 Nc5 12. Nh4 Qd7 13. Qh5+ g6 14. Qh6 0-0-0 15. Be3 Kb8 16. Nf3 Ne6 17. Ra4 Rhf8 18. Bxb6 cxb6 19. Qe3 c5 20. Rfa1 a6 21. Nd2 b5 22. R4a3 h5 23. Nf1 Rc8 24. Qd2 h4 25. Ne3 Nf4 26. Rd1 Rcd8 27. Raa1 Qd4 28. Kh1 f5 29. Qa5 h3 30. g3 Ne6 31. Qb6 Rd6 32. Qa5 Rc6 33. Qe1 Qxb2 34. exf5 gxf5 35. c3 b4 36. Rdc1 Qxb3 37. Nc4 bxc3 38. Rxc3 Qb4 39. Rb1 e4 40. Rxb4 cxb4 41. Rb3 Rfc8 42. Rb1 exd3 43. Ne5 Rc3 44. Nxd3 Rxd3 45. Qxe6 Rcd8 46. Re1 b3 47. Kg1 R8d5 48. Kf1 Ka7 49. Qe2 a5 50. Ra1 b6 51. Rc1 Rd7 52. Qe5 Ka6 53. Qh8 Rd8 54. Qe5 a4 55. Rc4 Rd1+ 56. Ke2 R8d2+ 57. Kf3 b2 58. Rxa4+ Kb7 59. Qg7+ Kc6 60. Qc3+ Kb7 61. Qg7+ Kc6 62. Qc3+ 1/2-1/2

[Event "Australian op"]
[Site "Sydney"]
[Date "2015.01.08"]
[Round "8"]
[White "Smerdon, David"]
[Black "Morris, James"]
[Result "1/2-1/2"]
[WhiteElo "2519"]
[BlackElo "2378"]
[PlyCount "48"]
[EventDate "2015.01.02"]
[EventType "swiss"]
[EventRounds "11"]
[EventCountry "AUS"]
[SourceTitle "CBM 164 Extra"]
[Source "ChessBase"]
[SourceDate "2015.03.02"]
[SourceVersion "1"]
[SourceVersionDate "2015.03.02"]
[SourceQuality "1"]

1. e4 e6 2. d4 d5 3. Nc3 Nf6 4. e5 Nfd7 5. f4 c5 6. Nf3 Nc6 7. Be3 a6 8. Qd2 b5 9. dxc5 Bxc5 10. Bd3 Qb6 11. Bf2 0-0 12. 0-0 f6 13. Rae1 fxe5 14. Bxh7+ Kh8 15. Ng5 Nf6 16. Qd1 Bxf2+ 17. Rxf2 e4 18. Bg6 Kg8 19. Ncxe4 dxe4 20. Bxe4 Rd8 21. Qf3 Rd2 22. Ref1 Nd4 23. Bh7+ Nxh7 24. Qh5 Nxg5 1/2-1/2

[Event "4NCL-ch rapid"]
[Site "Daventry"]
[Date "2014.10.05"]
[Round "1.2"]
[White "Smerdon, David"]
[Black "Deighton, Simon"]
[Result "1-0"]
[WhiteElo "2506"]
[BlackElo "2029"]
[PlyCount "37"]
[EventDate "2014.10.05"]
[EventType "swiss (rapid)"]
[EventRounds "7"]
[EventCountry "ENG"]
[SourceTitle "CBM 162 Extra"]
[Source "ChessBase"]
[SourceDate "2014.10.17"]
[SourceVersion "1"]
[SourceVersionDate "2014.10.17"]
[SourceQuality "1"]

1. e4 c5 2. Nf3 Nc6 3. c3 d5 4. exd5 Qxd5 5. d4 Bg4 6. dxc5 Qxd1+ 7. Kxd1 e5 8. b4 a5 9. b5 Nd8 10. Ba3 Rc8 11. Kc2 Bxf3 12. gxf3 Bxc5 13. Bxc5 Rxc5 14. Nd2 a4 15. Ne4 Rc7 16. b6 Re7 17. Bb5+ Kf8 18. Rhd1 Ne6 19. Nd6 1-0

[Event "4NCL-chT rapid"]
[Site "Daventry"]
[Date "2014.10.04"]
[Round "7.2"]
[White "Batchelor, Peter"]
[Black "Smerdon, David"]
[Result "0-1"]
[WhiteElo "2236"]
[BlackElo "2506"]
[PlyCount "162"]
[EventDate "2014.10.04"]
[EventType "team-swiss (rapid)"]
[EventRounds "7"]
[EventCountry "ENG"]
[SourceTitle "CBM 162 Extra"]
[Source "ChessBase"]
[SourceDate "2014.10.17"]
[SourceVersion "1"]
[SourceVersionDate "2014.10.17"]
[SourceQuality "1"]
[WhiteTeam "Grantham II"]
[BlackTeam "Guildford"]
[WhiteTeamCountry "ENG"]
[BlackTeamCountry "ENG"]

1. d4 e6 2. Nf3 Nf6 3. c4 d5 4. g3 dxc4 5. Qa4+ Nbd7 6. Bg2 a6 7. Qxc4 b5 8. Qc2 Bb7 9. 0-0 c5 10. Bg5 Qb6 11. dxc5 Bxc5 12. Bxf6 Nxf6 13. Nc3 Rc8 14. e3 0-0 15. Qe2 Bb4 16. Rac1 Qa5 17. Nd4 Bxg2 18. Kxg2 Bxc3 19. bxc3 Ne4 20. Nb3 Nxc3 21. Nxa5 Nxe2 22. Rc6 Rxc6 23. Nxc6 Nc3 24. Rc1 Nd5 25. e4 Nf6 26. Kf3 Ra8 27. a4 bxa4 28. Ra1 Nd7 29. Rxa4 f6 30. Rd4 Ne5+ 31. Nxe5 fxe5 32. Ra4 a5 33. Ke3 Kf7 34. f4 Kf6 35. h3 h5 36. Kf3 g6 37. Ke3 exf4+ 38. gxf4 g5 39. Kf3 gxf4 40. Kxf4 e5+ 41. Kg3 Kg5 42. h4+ Kf6 43. Kf3 Ke6 44. Ke3 Kd6 45. Kd3 Kc5 46. Rc4+ Kb6 47. Kc3 Rd8 48. Ra4 Rf8 49. Kc4 Rd8 50. Kc3 Kb5 51. Ra1 Rd4 52. Rb1+ Rb4 53. Rf1 Rxe4 54. Rf5 Kc5 55. Rxh5 Re3+ 56. Kd2 Kd4 57. Rh8 Rh3 58. Rd8+ Ke4 59. Ra8 Rh2+ 60. Kd1 Kd3 61. Rd8+ Ke3 62. Rd5 e4 63. Rxa5 Rh1+ 64. Kc2 Rxh4 65. Re5 Rh2+ 66. Kd1 Rh1+ 67. Kc2 Re1 68. Re8 Kf2 69. Rf8+ Ke2 70. Rh8 Rf1 71. Rh2+ Rf2 72. Rh7 e3 73. Kc1 Ke1 74. Rh1+ Rf1 75. Rh2 e2 76. Kc2 Rf8 77. Rh1+ Kf2 78. Rh2+ Kf3 79. Rh3+ Kg2 80. Re3 Kf2 81. Kd2 Rd8+ 0-1

[Event "4NCL-chT rapid"]
[Site "Daventry"]
[Date "2014.10.04"]
[Round "3.2"]
[White "Josse, Mark"]
[Black "Smerdon, David"]
[Result "0-1"]
[WhiteElo "2174"]
[BlackElo "2506"]
[PlyCount "88"]
[EventDate "2014.10.04"]
[EventType "team-swiss (rapid)"]
[EventRounds "7"]
[EventCountry "ENG"]
[SourceTitle "CBM 162 Extra"]
[Source "ChessBase"]
[SourceDate "2014.10.17"]
[SourceVersion "1"]
[SourceVersionDate "2014.10.17"]
[SourceQuality "1"]
[WhiteTeam "Metropolitan"]
[BlackTeam "Guildford"]
[WhiteTeamCountry "ENG"]
[BlackTeamCountry "ENG"]

1. e4 e6 2. d4 d5 3. Nd2 c5 4. Ngf3 Nf6 5. e5 Nfd7 6. c3 Be7 7. Bd3 b6 8. Ne4 Ba6 9. Bxa6 Nxa6 10. Nd6+ Bxd6 11. exd6 0-0 12. Bf4 Nf6 13. 0-0 Ne4 14. Qa4 Nb8 15. dxc5 Nxc5 16. Qb5 Ne4 17. c4 Nxd6 18. Bxd6 Qxd6 19. cxd5 Qxd5 20. Qxd5 exd5 21. Rfd1 Rd8 22. Rac1 Na6 23. a3 Nc5 24. g3 Kf8 25. b4 Ne6 26. Nd4 Rd6 27. Nxe6+ fxe6 28. Rc7 a5 29. b5 Re8 30. f4 Re7 31. Rdc1 d4 32. Kf2 d3 33. Rxe7 Kxe7 34. Ke3 a4 35. Rd1 d2 36. g4 Rd5 37. h4 Kd6 38. h5 h6 39. Ke2 Kc5 40. f5 exf5 41. gxf5 Re5+ 42. Kd3 Rxf5 43. Kc3 Rd5 44. Kc2 Kc4 0-1